000 00363 a2200169 4500
001 191445
020 _a978-85-260-1720-7
040 _cMagnum
100 _aFrança, Mary
240 1 0 _aCanção do sabiá
_lpor
245 1 0 _aCanção do sabiá
300 _a24
362 0 _a2012
440 1 _aGlobal
697 _aLITERATURA INFANTO-JUVENIL
942 _cBK
999 _c191445
_d191445